000
00249nam a2200121Ia 4500
100
_a
Gradeck/J
942
_c
RB
654
_a
kit
245
_a
Virtual reality kit
260
_b
John wiley
_a
New York
_c
1994
082
_a
6.3
_b
GRA
546
_a
ENGLISH
999
_c
32905
_d
32905